00688nam a22001577a 4500003000500000082001800005100002900023245009200052260002900144300001000173505015300183650003400336942001200370999001900382952012900401NUST a621.38132,DUG aDugger, William 9101376 aBasic Electronics Systems Technology : bCircuit Measurements Unit-7 / cWilliam Dugger aBRUCE Hillsb USA c1973 a173 p aSystems (Page-1), System functions (Page-37), System measuring instruments (Page-69), DC Power sources (Page-105), AC system generators (Page-146),  aTelecommunication Engineering 2ddccBK c592473d592473 00102ddc4070aMCSbMCScGENd2022-11-24l0o621.38132,DUGpMCS5463r2022-11-24w2022-11-24yBKzAlmirah No.32, Shelf No.3